000 00758nam a22002057a 4500
005 20251108173251.0
008 250721s2006 xx 000 0 ara d
082 1 4 _a658.51/ مؤت
111 2 _aالجودة الشاملة
_cعمان
_d26/27/ نيسان/ 2006
245 1 0 _aالجودة الشاملة في ظل إدارة المعرفة وتكنولوجيا المعلومات /
264 1 _aعمان :
_bجامعة العلوم التطبيقية الخاصة،
_c2006.
300 _a182ص.
490 0 _aالمؤتمر العلمي
_v2
650 1 7 _aإدارة الانتاج
650 1 7 _aمراقبة الانتاج
650 1 7 _aالادارة بمساعدة الحاسوب
650 1 7 _aالمعرفة
942 _2ddc
_cBK
999 _c99951
_d99951